000
00326nam a2200109Ia 4500
008
200302s9999 xx 000 0 und d
100
_a
Victor Regnier FAIA
245
_a
Design for Assisted Living Guidelines for Housing the Physically and Mentally Frail
260
_b
John Wiley & Sons Ltd.
260
_c
2002
300
_a
344 P.,
999
_c
5523
_d
5523